000 00661nam a22002057a 4500
999 _c15808
_d15808
003 AR-CdUCM
008 190430b ||||| |||| 00| 0 spa d
040 _aMUNICIPALIDAD PROVINCIAL DEL CUSCO
_cBIBLIOTECA MUNICIPAL DEL CUSCO
082 _aPI / 372.64 /
_bAS83
245 _aLa astucia de gallinita /
260 _aPerú :
_bNavarrete.
300 _bilustraciones,
_c31 cm.
440 _aColección Cuentos Navarrete.
_934415
650 _aAprendizaje infantil
_933271
650 _aTextos infantiles
_933764
650 _aLiteratura infantil
_9588
710 _aCorporación Gráfica Navarrete.
_933296
942 _2ddc
_cLIBROS
945 _aachl
_d2019-04-30